| 000 | 01328nam a22003137a 4500 | ||
|---|---|---|---|
| 005 | 20120103142641.0 | ||
| 008 | 120103t xxu||||| |||| 00| 0 eng d | ||
| 010 | _aENG-104555 | ||
| 020 |
_a9789350180167 _c1595.00 |
||
| 020 |
_a9350180162 _c1595.00 |
||
| 035 | _aEN-88088 | ||
| 037 | _bDBAD/PUB | ||
| 040 |
_aDPL _beng |
||
| 082 | 0 | 4 |
_a339.460954 _223 |
| 100 | 1 |
_aJain, A. K. _q(Ashok Kumar), _d1948- _937971 |
|
| 245 | 1 | 4 |
_aThe informal city : _binclusive growth for poverty alleviation / _cBy A.K. Jain |
| 260 |
_aNew Delhi _bReadworthy Publications _c2011 |
||
| 270 |
_a4735/22, Prakash Deep Building. Ground Floor, Ansari Road, Darya Ganj _bNew Delhi _e110002 |
||
| 300 |
_axv, 366 p. : _bill., map _c23 cm(Hb) _e1 CD-ROM |
||
| 500 | _aIncludes bibliographical references (p. [344]-361) and index. | ||
| 520 | _aIn Indian context. | ||
| 650 | 0 |
_aPoverty _xGovernment policy _zIndia. _937972 |
|
| 650 | 0 |
_aInformal sector (Economics) _zIndia. _937973 |
|
| 650 | 0 |
_aUrban policy _zIndia. _937974 |
|
| 650 | 0 |
_aUrban poor _xServices for _zIndia. _937975 |
|
| 942 |
_2ddc _cEN _h339.460954 _mJAI |
||
| 999 |
_c60210 _d60210 |
||